My first English workbook (I).

Gespeichert in:
Bibliographische Detailangaben
Format: keine Angabe
Sprache:Spanisch
Englisch
Erschienen: Madrid Gráficas Yagües 1964
Katalog:MANES:  Suchergebnis im Bibliothekskatalog
Schulbuchspezifische Eigenschaften:
Schriftenreihe:Modern English Series
Tags: Tag hinzufügen
Keine Tags, Fügen Sie den ersten Tag hinzu!
Hinzugefügt zu:26.04.2016
Geändert in:07.05.2025

MARC

LEADER 000000000a22000000004500
001 11723
003 OSt
005 20250507134335.0
008 160427s sp ||||| |||| 00| 0 spa d
041 1 |a eng 
040 |c centro_manes 
561 |5 es-BUNED  |3 LT 1274  |a España. Fondo Manes UNED  |k MANES 
691 0 |a SE 
245 0 0 |a My first English workbook (I). 
260 3 |a Madrid  |b Gráficas Yagües  |c 1964 
300 |a 126 p.  |c 20,8 x 15,8 cm 
440 |a Modern English Series  |9 6833 
690 0 |a LE 
942 |2 ddc  |c BK 
546 |a España 
999 |c 17697  |d 17697 
999 |c manes:17697  |d 17697